Datum a čas kvízu
30.5
Celkem bodů
Celkový počet nahraných bodů na tomto kvízu bez doplňovacích otázek.
3.
Pořadí na kvízu
Konečné umístění týmu na tomto kvízu.
Zaznamenané odpovědi
| # | Otázka | Odpověď | Body | Výsledky |
|---|---|---|---|---|
| 1. | Známý reportér, který spolu s... | Janek Rubeš, Kluci z Prahy | 1 | |
| 2. | Kvůli nalezené pumě z 2. světo... | v Drážďanech | 0 | |
| 3. | Bývalý člen jedné britské chla... | Harry Styles | 1 | |
| 4. | Minulý týden byl vypuštěn do s... | Mafia; Domovina (The Old Country) | 1 | |
| 5. | Minulý týden kolovalo sociální... | Nizozemci | 1 | |
| 6. | Zobrazená živorodka duhová či... | paví očko | 1 | |
| 7. | Chovatelé želv, ptáků i nejrůz... | vápníku | 1 | |
| 8. | Pokud máte psa s průkazem půvo... | bonitace | 0 | |
| 9. | Do hraček a dalšího příslušens... | šanta | 1 | |
| 10. | V poslední otázce přejdeme od... | podkladek | 1 |